[Event "20e tournoi de NoÃ«l"]
[Site "Montigny le Bretonneux"]
[Date "2019.12.27"]
[Round "2.8"]
[White "Benbakir, Ameur"]
[Black "Benbakir, Chouaib"]
[Result "0-1"]
[WhiteElo "1592"]
[BlackElo "1864"]
[Annotator "Rivier,Sylvain"]
[PlyCount "62"]
[EventDate "2019.??.??"]

{DÃ©fense Pirc} 1. e4 d6 2. d4 Nf6 3. Nc3 g6 4. Be3 Bg7 5. f3 O-O 6. Qd2 c6 7.
g4 e5 8. dxe5 dxe5 9. O-O-O Qa5 10. Kb1 Be6 11. h4 Na6 12. h5 Rfd8 13. Bd3 Nb4
14. b3 Rd7 15. hxg6 fxg6 16. Kb2 c5 17. Qh2 Nxd3+ 18. Rxd3 c4 19. Rxd7 Bxd7 20.
Bg5 h5 21. Bxf6 Bxf6 22. gxh5 g5 23. Nd5 c3+ 24. Nxc3 Be6 25. Qe2 Be7 26. Qe3
Rc8 27. Nge2 Kh7 28. Rd1 Rc5 29. a3 Qxa3+ 30. Kb1 Ra5 31. Na4 Rxa4 0-1

[Event "20e tournoi de NoÃ«l"]
[Site "Montigny le Bretonneux"]
[Date "2019.12.27"]
[Round "2.9"]
[White "Claisse, Patrick"]
[Black "Sanchez-Narboni, Quentin"]
[Result "1-0"]
[WhiteElo "1742"]
[BlackElo "1352"]
[Annotator "Rivier,Sylvain"]
[PlyCount "107"]
[EventDate "2019.??.??"]

{DÃ©fense franÃ§aise, variante Rubinstein} 1. e4 e6 2. d4 d5 3. Nd2 dxe4 4.
Nxe4 Nd7 5. Nf3 Ngf6 6. Ng3 b6 7. Bd3 Bb7 8. O-O c5 9. c3 cxd4 10. cxd4 Be7 11.
Re1 O-O 12. Ne5 Nxe5 13. dxe5 Ne8 14. Qe2 Nc7 15. Rd1 Nd5 16. Qh5 g6 17. Qh6
Re8 18. Bb5 Qc7 19. Bxe8 Rxe8 20. Re1 Nb4 21. Bg5 Nd3 22. Bxe7 Rxe7 23. Re2
Nxe5 24. Rc1 Qb8 25. Qg5 Nd3 26. Qxe7 Nxc1 27. Rc2 Qf4 28. Qxb7 Nxa2 29. Qc8+
Kg7 30. Qc4 Qe5 31. Qxa2 h5 32. Qc4 Kh7 33. h3 g5 34. Qe4+ Qxe4 35. Nxe4 Kg6
36. Rc7 f5 37. Nd2 f4 38. Rxa7 g4 39. hxg4 hxg4 40. Ra6 Kg5 41. Rxb6 e5 42. Re6
e4 43. Rxe4 Kh4 44. b4 f3 45. Nxf3+ Kh5 46. Nd2 Kh4 47. b5 Kh5 48. b6 Kg5 49.
b7 Kh4 50. b8=Q Kg5 51. Qg8+ Kh5 52. Qxg4+ Kh6 53. Re3 Kh7 54. Rh3# 1-0

[Event "20e tournoi de NoÃ«l"]
[Site "Montigny le Bretonneux"]
[Date "2019.12.27"]
[Round "2.10"]
[White "Chaintreau, Thomas"]
[Black "Artieres, Michel"]
[Result "1-0"]
[WhiteElo "1565"]
[BlackElo "1741"]
[Annotator "Rivier,Sylvain"]
[PlyCount "191"]
[EventDate "2019.??.??"]

{DÃ©fense vieille indienne} 1. d4 Nf6 2. c4 d6 3. Nc3 e5 4. dxe5 dxe5 5. Qxd8+
Kxd8 6. Nf3 Nfd7 7. e4 f6 8. Be2 c6 9. Be3 a5 10. O-O Na6 11. Rfd1 Kc7 12. Ne1
Nb6 13. f4 Bc5 14. Bxc5 Nxc5 15. f5 g6 16. g4 Bd7 17. Nd3 Nxd3 18. Bxd3 Be8 19.
Rd2 Bf7 20. b3 a4 21. c5 Nc8 22. Nxa4 gxf5 23. gxf5 Na7 24. Nb6 Rad8 25. Rad1
Bh5 26. Re1 Rhg8+ 27. Kf2 Nb5 28. Nd5+ cxd5 29. Bxb5 dxe4 30. Rxd8 Rxd8 31.
Rxe4 Rd2+ 32. Kg3 Bf7 33. Rg4 Bd5 34. Rg7+ Kb8 35. Rxh7 Rg2+ 36. Kh3 Rf2 37.
Kg4 Rf4+ 38. Kg3 Rf3+ 39. Kg4 Rf4+ 40. Kg3 Rxf5 41. h4 Rf3+ 42. Kg4 Rf4+ 43.
Kg3 Rf3+ 44. Kg4 Rf4+ 45. Kg3 Be6 46. h5 Rg4+ 47. Kf2 Rf4+ 48. Ke3 Bd5 49. Rh8+
Kc7 50. Rh7+ Kb8 51. h6 Rf3+ 52. Ke2 Rh3 53. Rd7 Be6 54. Rh7 Bf5 55. Rh8+ Kc7
56. Kf2 Bg6 57. Bf1 Rh5 58. Rf8 f5 59. Rh8 Kc6 60. Bg2+ e4 61. Rc8+ Kb5 62. a3
Ka6 63. c6 Kb6 64. c7 Rxh6 65. Ke3 Bf7 66. Rf8 Be6 67. c8=Q Bxc8 68. Rxc8 Rg6
69. Kf2 e3+ 70. Kf3 f4 71. Rc2 Rd6 72. Bf1 Rg6 73. Be2 Rg1 74. Kxf4 Ra1 75. a4
Ra3 76. Bc4 Ra1 77. Kxe3 Ka5 78. Rh2 Re1+ 79. Kd2 Rb1 80. Rh5+ Kb6 81. Kc3 Rg1
82. Kb4 Rg7 83. a5+ Ka7 84. Kb5 Re7 85. Rf5 Rg7 86. Bd5 Rd7 87. Bc4 Re7 88. Rf7
Re5+ 89. Kb4 Kb8 90. a6 bxa6 91. Bxa6 Re1 92. Bb5 Re6 93. Kc5 Rh6 94. Bc6 Rh5+
95. Kb6 Rh8 96. Re7 1-0

[Event "20e tournoi de Noël"]
[Site "Montigny le Bretonneux"]
[Date "2019.12.27"]
[Round "2.11"]
[White "Delmas-Goyon, Francois"]
[Black "Payot, Guillaume"]
[Result "1-0"]
[WhiteElo "1916"]
[BlackElo "1273"]
[Annotator "Rivier,Sylvain"]
[PlyCount "79"]
[EventDate "2019.??.??"]

{Défense française, variante Tarrasch fermée} 1. e4 e6 2. d4 d5 3. Nd2 Nf6 4.
e5 Nfd7 5. c3 c5 6. Ndf3 Nc6 7. Bd3 Qb6 8. Ne2 cxd4 9. cxd4 Bb4+ 10. Bd2 Qa5
11. a3 Bxd2+ 12. Qxd2 Qxd2+ 13. Nxd2 O-O 14. f4 Nb6 15. b4 a6 16. O-O Bd7 17.
Rac1 Ne7 18. Rc5 Rfc8 19. Rfc1 Bc6 20. Nb3 Rc7 21. Na5 Rac8 22. Nxb7 Rxb7 23.
Bxa6 Rbc7 24. Bxc8 Rxc8 25. b5 Na4 26. Rxc6 Nxc6 27. Rxc6 Rxc6 28. bxc6 Nb6 29.
Nc3 Kf8 30. a4 Ke7 31. a5 Nc8 32. Nb5 Kd8 33. a6 Nb6 34. Kf2 Kc8 35. Nd6+ Kc7
36. Nxf7 Kxc6 37. Ng5 Kb5 38. a7 Ka6 39. Nxh7 Kxa7 40. Ng5 1-0

[Event "20e tournoi de NoÃ«l"]
[Site "Montigny le Bretonneux"]
[Date "2019.12.27"]
[Round "2.12"]
[White "Quenehen, Nassim"]
[Black "Duget, Long Jc"]
[Result "1/2-1/2"]
[WhiteElo "1261"]
[BlackElo "1733"]
[Annotator "Rivier,Sylvain"]
[PlyCount "95"]
[EventDate "2019.??.??"]

{DÃ©fense hollandaise} 1. d4 f5 2. c4 Nf6 3. Nc3 e6 4. a3 c6 5. e3 d5 6. Nf3
Bd6 7. Bd3 O-O 8. O-O Ne4 9. Ne5 Nd7 10. f4 Ndf6 11. c5 Bc7 12. Bd2 Nxd2 13.
Qxd2 Bd7 14. b4 Ne4 15. Nxe4 fxe4 16. Be2 Qe7 17. Nxd7 Qxd7 18. Rab1 b5 19. Ra1
a6 20. a4 Rfb8 21. a5 Rf8 22. Rf2 Rf5 23. g3 Rff8 24. Ra2 g6 25. Bg4 Qe7 26.
Qe1 Kg7 27. Bh3 h6 28. Bg2 g5 29. fxg5 Qxg5 30. Rxf8 Rxf8 31. Rf2 Rxf2 32. Qxf2
Qf6 33. Qxf6+ Kxf6 34. Kf2 Ke7 35. h4 e5 36. g4 exd4 37. exd4 Bf4 38. Bh3 Bd2
39. g5 hxg5 40. hxg5 Bxg5 41. Bc8 Bd2 42. Bxa6 Bxb4 43. Bb7 Bxa5 44. Bxc6 Ke6
45. Bxb5 Bc3 46. Ba6 Bb2 47. Bb5 Bc1 48. Ke2 1/2-1/2

[Event "20e tournoi de Noël"]
[Site "Montigny le Bretonneux"]
[Date "2019.12.27"]
[Round "2.13"]
[White "Faris, Marouane"]
[Black "Chaintreau, Maxime"]
[Result "1-0"]
[WhiteElo "1563"]
[BlackElo "1259"]
[Annotator "Rivier,Sylvain"]
[PlyCount "39"]
[EventDate "2019.??.??"]

{Partie italienne, guiocco piano} 1. e4 e5 2. Nf3 Nc6 3. Bc4 Bc5 4. c3 Nf6 5.
d3 d6 6. Nbd2 Bg4 7. Nf1 h6 8. Ng3 O-O 9. O-O a6 10. a4 Qe7 11. h3 Bd7 12. b4
Bb6 13. a5 Ba7 14. Be3 Bxe3 15. fxe3 Na7 16. Qe1 c6 17. Nh4 g6 18. Nxg6 Qe8 19.
Nxf8 Kxf8 20. Qf2 1-0

[Event "20e tournoi de Noël"]
[Site "Montigny le Bretonneux"]
[Date "2019.12.27"]
[Round "2.14"]
[White "Vo, Bao Nam"]
[Black "Sondermeijer, Damien"]
[Result "0-1"]
[WhiteElo "1226"]
[BlackElo "1503"]
[Annotator "Rivier,Sylvain"]
[PlyCount "82"]
[EventDate "2019.??.??"]

{Défense Alekhine, variante de chasse} 1. e4 Nf6 2. Nc3 d5 3. exd5 Nxd5 4. Nxd5
Qxd5 5. Qf3 Be6 6. c4 Qxf3 7. Nxf3 g6 8. d4 Bg7 9. Bd3 O-O 10. O-O Bd7 11. Re1
Re8 12. Bf4 Nc6 13. Bxc7 Nxd4 14. Nxd4 Bxd4 15. Be5 Bxe5 16. Rxe5 Rad8 17. Rae1
Be6 18. Bc2 Rd2 19. Ba4 Rc8 20. R5e2 Rxe2 21. Rxe2 Rxc4 22. Bc2 Bf5 23. Bd1 Rc1
24. Rd2 Bc2 25. Kf1 Rxd1+ 26. Ke2 Rxd2+ 27. Kxd2 Be4 28. f3 Bd5 29. b3 Kg7 30.
Ke3 e5 31. g4 h5 32. g5 f6 33. f4 exf4+ 34. Kxf4 fxg5+ 35. Kxg5 b6 36. h3 a5
37. h4 a4 38. Kf4 axb3 39. axb3 Bxb3 40. Ke3 Bf7 41. Kd4 b5 0-1

[Event "20e tournoi de Noël"]
[Site "Montigny le Bretonneux"]
[Date "2019.12.27"]
[Round "2.15"]
[White "Konate, Foune"]
[Black "Sondermeijer, Antoine"]
[Result "0-1"]
[WhiteElo "1199"]
[BlackElo "1482"]
[Annotator "Rivier,Sylvain"]
[PlyCount "52"]
[EventDate "2019.??.??"]

{Ouverture irrégulière} 1. e3 e5 2. d3 d5 3. g3 Nf6 4. h3 c5 5. b3 Nc6 6. Bb2
Bd6 7. Ne2 O-O 8. Bg2 b6 9. Nd2 Bb7 10. g4 d4 11. e4 Be7 12. Ng3 Qd7 13. g5 Ne8
14. h4 Nd6 15. Qe2 f5 16. Bh3 g6 17. Nf3 Qc7 18. h5 fxe4 19. Nd2 exd3 20. Qxd3
Nb4 21. Qf1 Nxc2+ 22. Kd1 Nxa1 23. Bxa1 Bxg5 24. Rg1 Qf7 25. Ke1 Qf4 26. Qe2
Ba6 0-1

[Event "20e tournoi de Noël"]
[Site "Montigny le Bretonneux"]
[Date "2019.12.27"]
[Round "2.16"]
[White "Alluch Abdellach, Nordin"]
[Black "Rafalimanana, Hary"]
[Result "0-1"]
[WhiteElo "1458"]
[BlackElo "1210"]
[Annotator "Rivier,Sylvain"]
[PlyCount "65"]
[EventDate "2019.??.??"]

{Défense Grünfeld, variante fermée} 1. d4 Nf6 2. Nf3 g6 3. c4 Bg7 4. Nc3 O-O 5.
e3 c6 6. Be2 d5 7. b3 Bf5 8. Bb2 Re8 9. Nh4 Be6 10. Nf3 Na6 11. cxd5 Nxd5 12.
Bxa6 bxa6 13. Ne4 h6 14. O-O Rb8 15. Nc5 Bc8 16. Qe2 Qb6 17. Nd2 e5 18. Nc4 Qb5
19. Qc2 exd4 20. exd4 Bf5 21. Qd1 Red8 22. a4 Qb4 23. g4 Qxc4 24. bxc4 Rxb2 25.
gxf5 Nc3 26. Qf3 Rxd4 27. f6 Ne2+ 28. Kh1 Bf8 29. Qxc6 Rbd2 30. Ne4 R2d3 31. c5
Rh3 32. Nd6 Rdh4 33. f4 0-1

[Event "20e tournoi de Noël"]
[Site "Montigny le Bretonneux"]
[Date "2019.12.27"]
[Round "2.17"]
[White "Beduoglu, Cassandra"]
[Black "Longbien, Dominique"]
[Result "0-1"]
[WhiteElo "1130"]
[BlackElo "1413"]
[Annotator "Rivier,Sylvain"]
[PlyCount "74"]
[EventDate "2019.??.??"]

{Partie viennoise, variante Falkbeer} 1. e4 e5 2. Nf3 Nc6 3. Nc3 Nf6 4. g3 Bc5
5. Bg2 O-O 6. O-O d6 7. d3 Bg4 8. Be3 Nd4 9. Bxd4 Bxd4 10. Qd2 Bb6 11. Nh4 h6
12. Rfe1 c6 13. Nf3 Qd7 14. d4 Bxf3 15. Bxf3 Bxd4 16. Na4 b5 17. c3 Bb6 18.
Nxb6 axb6 19. Qe3 Ra6 20. Rad1 Rxa2 21. Qxb6 Rxb2 22. Be2 Nxe4 23. c4 Nc3 24.
Bf3 Nxd1 25. Rxd1 c5 26. Rxd6 Qf5 27. Kg2 e4 28. Bd1 Rxf2+ 29. Kg1 e3 30. Be2
Qe4 31. Qc6 Qb1+ 32. Rd1 Qc2 33. Re1 Rxe2 34. Rxe2 Qd1+ 35. Re1 Qxe1+ 36. Kg2
e2 37. Qe4 Qf1# 0-1

[Event "20e tournoi de Noël"]
[Site "Montigny le Bretonneux"]
[Date "2019.12.27"]
[Round "2.18"]
[White "Fruchard, Alois"]
[Black "Trimbitasu, Elyas"]
[Result "1-0"]
[WhiteElo "1404"]
[BlackElo "1150"]
[Annotator "Rivier,Sylvain"]
[PlyCount "117"]
[EventDate "2019.??.??"]

{Gambit dame} 1. d4 d5 2. c4 e6 3. Nc3 Nf6 4. Bg5 h6 5. Bxf6 Qxf6 6. cxd5 Bb4
7. Qa4+ c6 8. Qxb4 exd5 9. Nf3 Na6 10. Qb3 O-O 11. e3 Bg4 12. Be2 Bxf3 13. Bxf3
Rab8 14. O-O c5 15. Nxd5 Qe6 16. Nf4 Qxb3 17. axb3 cxd4 18. exd4 Rfd8 19. Rfd1
Nb4 20. Rxa7 Nc6 21. Bxc6 bxc6 22. d5 cxd5 23. Rxd5 Rxd5 24. Nxd5 Rxb3 25. Ra2
Rd3 26. Ne3 f5 27. g3 g6 28. Ra1 Rb3 29. Rb1 Kf7 30. Kf1 Ke6 31. Ke2 Ke5 32.
Nc4+ Kd4 33. Nd2 Rb7 34. Nf3+ Ke4 35. Nd2+ Kd4 36. f3 Kc5 37. g4 Rb6 38. b4+
Rxb4 39. Rxb4 Kxb4 40. gxf5 gxf5 41. Ke3 Kc5 42. Kf4 Kd4 43. Kxf5 Ke3 44. f4
Kf2 45. Kg4 Kg2 46. h4 h5+ 47. Kxh5 Kh3 48. f5 Kg3 49. f6 Kf2 50. f7 Ke3 51.
f8=Q Kxd2 52. Qa3 Kc2 53. Kg5 Kd2 54. Kf4 Kc2 55. Ke4 Kd2 56. Qd3+ Kc1 57. Qe2
Kb1 58. Kd3 Ka1 59. Kc3 1-0

[Event "20e tournoi de NoÃ«l"]
[Site "Montigny le Bretonneux"]
[Date "2019.12.27"]
[Round "2.20"]
[White "Boucher, Francis"]
[Black "Ries, Antoine"]
[Result "0-1"]
[WhiteElo "1100"]
[BlackElo "1313"]
[Annotator "Rivier,Sylvain"]
[PlyCount "96"]
[EventDate "2019.??.??"]

{DÃ©fense hollandaise} 1. d4 e6 2. c4 f5 3. Nf3 Nf6 4. Nc3 Be7 5. h3 O-O 6. Bf4
d5 7. c5 Nc6 8. e3 b6 9. b3 bxc5 10. Ne5 Nxe5 11. Bxe5 cxd4 12. Bxd4 c5 13. Be5
Nd7 14. Bg3 Bf6 15. Rc1 Qa5 16. Qd3 d4 17. Qb5 Qxb5 18. Nxb5 Bb7 19. Bc4 Bd5
20. Nc7 Rac8 21. Nxe6 Bxc4 22. Nxf8 Nxf8 23. Rxc4 Ne6 24. exd4 Nxd4 25. Bd6
Re8+ 26. Kd1 Rd8 27. Bh2 Nxb3+ 28. Ke2 Rd2+ 29. Kf3 Rxa2 30. Rd1 Nd2+ 31. Rxd2
Rxd2 32. Rxc5 Bd4 33. Rc8+ Kf7 34. Bg3 a5 35. Ra8 Ra2 36. Ra6 a4 37. Kf4 Bxf2
38. Ra5 Bxg3+ 39. Kxg3 g6 40. Ra7+ Kg8 41. Kf3 Ra1 42. g4 fxg4+ 43. Kxg4 a3 44.
Kg5 a2 45. Kh6 Rh1 46. Rg7+ Kf8 47. Ra7 a1=Q 48. Rxa1 Rxa1 0-1

[Event "20e tournoi de Noël"]
[Site "Montigny le Bretonneux"]
[Date "2019.12.27"]
[Round "2.21"]
[White "Montay, Jean-Paul"]
[Black "Delmas, Enzo"]
[Result "1-0"]
[WhiteElo "1298"]
[BlackElo "1070"]
[Annotator "Rivier,Sylvain"]
[PlyCount "69"]
[EventDate "2019.??.??"]

{Partie italienne} 1. e4 e5 2. Nf3 Nc6 3. Bc4 Nf6 4. d3 Bc5 5. O-O O-O 6. Be3
Bb6 7. Nc3 Ng4 8. Qd2 d6 9. Nd5 Be6 10. Nxb6 axb6 11. Ng5 Qf6 12. c3 Bxc4 13.
dxc4 h6 14. Nh3 Ne7 15. f4 g6 16. Qe2 Nxe3 17. Qxe3 Qh4 18. fxe5 dxe5 19. Rfd1
f5 20. Rd7 Rf7 21. exf5 Rxf5 22. Nf2 Raf8 23. g3 Qf6 24. Rf1 Rf3 25. Qe2 e4 26.
Rdd1 e3 27. Ng4 Qf5 28. Nxh6+ Kg7 29. Nxf5+ R8xf5 30. Rxf3 Ng8 31. Rxf5 gxf5
32. Qxe3 Nh6 33. Qg5+ Kh7 34. Rd7+ Kh8 35. Qg7# 1-0

[Event "20e tournoi de Noël"]
[Site "Montigny le Bretonneux"]
[Date "2019.12.28"]
[Round "3.1"]
[White "Fruchard, Cyrille"]
[Black "Claisse, Patrick"]
[Result "1-0"]
[WhiteElo "2283"]
[BlackElo "1742"]
[Annotator "Rivier,Sylvain"]
[PlyCount "95"]
[EventDate "2019.??.??"]

{Défense sicilienne, attaque Canal-Sokolsky} 1. e4 c5 2. Nf3 d6 3. Bb5+ Bd7 4.
Qe2 Bxb5 5. Qxb5+ Qd7 6. Qxd7+ Nxd7 7. c4 e6 8. Nc3 a6 9. d3 Ngf6 10. h3 Be7
11. O-O O-O 12. g4 h6 13. Bd2 Nb6 14. Rfe1 Rfe8 15. a4 Rad8 16. Rad1 d5 17. e5
Nh7 18. b3 d4 19. Ne4 f6 20. Ba5 Nd7 21. Bxd8 Rxd8 22. exf6 Nhxf6 23. Nxf6+
Bxf6 24. Kg2 Kf7 25. Nd2 Be7 26. f4 Bd6 27. Ne4 Be7 28. Rf1 Nf6 29. Rde1 Nxe4
30. Rxe4 Bd6 31. f5 e5 32. Kf3 a5 33. Re2 Bc7 34. h4 Ra8 35. Ke4 Rd8 36. Rg2
Rd7 37. g5 h5 38. g6+ Kg8 39. Rg5 Bd8 40. Rxh5 Bf6 41. Rh7 Rd6 42. h5 Rb6 43.
Rb1 Rd6 44. h6 b6 45. Rh1 Rd8 46. hxg7 Bxg7 47. Rxg7+ Kxg7 48. Rh7+ 1-0

[Event "20e tournoi de Noël"]
[Site "Montigny le Bretonneux"]
[Date "2019.12.28"]
[Round "3.2"]
[White "Imbert, Christophe"]
[Black "Plantet, Marc"]
[Result "1-0"]
[WhiteElo "1955"]
[BlackElo "1718"]
[Annotator "Rivier,Sylvain"]
[PlyCount "85"]
[EventDate "2019.??.??"]

{Défense Caro-Kann, variante principale} 1. e4 c6 2. d4 d5 3. Nc3 dxe4 4. Nxe4
Bf5 5. Nc5 b6 6. Nb3 e6 7. Nf3 Nf6 8. Bd3 Bg6 9. Bg5 Be7 10. Ne5 Nd5 11. Bxg6
hxg6 12. Qf3 O-O 13. Bxe7 Nxe7 14. h4 Qd5 15. Qg4 Nd7 16. Nxd7 Qxd7 17. h5 Rfd8
18. O-O-O a5 19. Rd3 a4 20. Nd2 Qd5 21. Kb1 Qf5 22. Qe2 c5 23. hxg6 Nxg6 24.
Rh5 Nf4 25. Rxf5 Nxe2 26. Rg5 Rxd4 27. Rxd4 Nxd4 28. c3 Nc6 29. Kc2 Rd8 30. Nc4
f6 31. Rh5 g6 32. Rh1 b5 33. Na3 b4 34. Nc4 e5 35. Nb6 b3+ 36. Kb1 a3 37. axb3
axb2 38. Nc4 e4 39. Kxb2 Kf7 40. Rh7+ Ke6 41. Rc7 Kd5 42. Kc2 Re8 43. Rd7+ 1-0

[Event "20e tournoi de Noël"]
[Site "Montigny le Bretonneux"]
[Date "2019.12.28"]
[Round "3.3"]
[White "Verat-Fayolle, Celian"]
[Black "De Lagontrie, Jean"]
[Result "1/2-1/2"]
[WhiteElo "1881"]
[BlackElo "1699"]
[Annotator "Rivier,Sylvain"]
[PlyCount "50"]
[EventDate "2019.??.??"]

{Défense française, variante d'avance} 1. e4 e6 2. d4 d5 3. e5 c5 4. c3 Nc6 5.
Nf3 Qb6 6. Be2 cxd4 7. cxd4 Nh6 8. Bxh6 Qxb2 9. Nc3 Qxc3+ 10. Bd2 Qa3 11. O-O
g6 12. Qc2 Bg7 13. Rab1 O-O 14. Rfc1 a5 15. Rb3 Qe7 16. Bb5 Bd7 17. Bg5 f6 18.
exf6 Bxf6 19. Bxf6 Rxf6 20. Bxc6 Bxc6 21. Ne5 Ba4 22. Ng4 Bxb3 23. Nxf6+ Qxf6
24. Qxb3 Rf8 25. Qe3 Re8 1/2-1/2

[Event "20e tournoi de Noël"]
[Site "Montigny le Bretonneux"]
[Date "2019.12.28"]
[Round "3.5"]
[White "Benbakir, Chouaib"]
[Black "Chaintreau, Thomas"]
[Result "1-0"]
[WhiteElo "1864"]
[BlackElo "1565"]
[Annotator "Rivier,Sylvain"]
[PlyCount "113"]
[EventDate "2019.??.??"]

{Défense sicilienne, système fermé} 1. e4 c5 2. Nc3 Nc6 3. f4 d6 4. Nf3 Nf6 5.
Bc4 e6 6. O-O a6 7. a4 Be7 8. d3 O-O 9. Qe2 Na5 10. Ba2 Bd7 11. e5 Ne8 12. exd6
Nxd6 13. Kh1 b5 14. axb5 axb5 15. Bd2 Bf6 16. Ne5 Nc6 17. Ne4 Bxe5 18. fxe5 Nd4
19. Qd1 Nxe4 20. dxe4 Nc6 21. Rf3 Nxe5 22. Rh3 Qf6 23. Qh5 h6 24. Kg1 Ng6 25.
Bc3 e5 26. Rf3 Qc6 27. Bxf7+ Rxf7 28. Rxa8+ Qxa8 29. Qxg6 Rxf3 30. gxf3 Qa1+
31. Kf2 Qc1 32. Bxe5 Qd2+ 33. Kg3 Qg5+ 34. Qxg5 hxg5 35. Bd6 c4 36. Be7 g4 37.
fxg4 Kf7 38. Bc5 Ke6 39. Kf4 g6 40. Bd4 Bc6 41. h4 Kf7 42. Bh8 Ke6 43. c3 Kf7
44. e5 Be8 45. Kg5 Bd7 46. h5 gxh5 47. gxh5 Bc6 48. h6 Be4 49. Kf4 Bd3 50. Ke3
Ke6 51. Kd4 Kf7 52. Kc5 Ke6 53. Bg7 Bg6 54. Kxb5 Kd5 55. Kb4 Bd3 56. b3 cxb3
57. Kxb3 1-0

[Event "20e tournoi de Noël"]
[Site "Montigny le Bretonneux"]
[Date "2019.12.28"]
[Round "3.6"]
[White "Sondermeijer, Antoine"]
[Black "Ibazizen, Abdelatif"]
[Result "0-1"]
[WhiteElo "1482"]
[BlackElo "2015"]
[Annotator "Rivier,Sylvain"]
[PlyCount "68"]
[EventDate "2019.??.??"]

{Ouverture anglaise, variante des quatre cavaliers, structure du dragon} 1. c4
e5 2. Nc3 Nf6 3. Nf3 Nc6 4. g3 Bb4 5. Bg2 O-O 6. O-O e4 7. Ng5 Bxc3 8. dxc3 Re8
9. Qc2 Qe7 10. Be3 d6 11. Rad1 h6 12. Nh3 Ne5 13. b3 Bf5 14. Nf4 c6 15. Rd2 g5
16. Nh3 Qe6 17. Rfd1 d5 18. cxd5 Nxd5 19. Nxg5 hxg5 20. Bxe4 Nxe3 21. Bxf5 Nxf5
22. Kg2 Ng4 23. Qc1 Nfe3+ 24. Kg1 Nxd1 25. Rxd1 Qf5 26. f3 Nf6 27. Rd2 Rad8 28.
Kg2 Rxd2 29. Qxd2 Kg7 30. e4 Qe5 31. Qe3 b6 32. Qd2 Re7 33. Qc1 Rd7 34. Qc2 g4
0-1

[Event "20e tournoi de Noël"]
[Site "Montigny le Bretonneux"]
[Date "2019.12.28"]
[Round "3.7"]
[White "Larcheveque, Francois"]
[Black "Faris, Marouane"]
[Result "1-0"]
[WhiteElo "1985"]
[BlackElo "1563"]
[Annotator "Rivier,Sylvain"]
[PlyCount "87"]
[EventDate "2019.??.??"]

{Défense néo-Grünfeld} 1. d4 Nf6 2. c4 g6 3. Nf3 Bg7 4. g3 c6 5. Bg2 O-O 6. O-O
d5 7. Qb3 Qb6 8. c5 Qxb3 9. axb3 Na6 10. Nc3 Bf5 11. Bf4 h6 12. Be5 Ne4 13.
Bxg7 Kxg7 14. Ra3 Nc7 15. Ra2 f6 16. Nh4 Rfe8 17. f3 Nxc3 18. bxc3 Nb5 19.
Nxf5+ gxf5 20. Rc1 e5 21. e3 exd4 22. exd4 Re3 23. Rac2 Rae8 24. Kf2 a6 25. Bf1
Nc7 26. Re2 Rxe2+ 27. Bxe2 Ne6 28. f4 h5 29. Re1 Kg6 30. Bd3 Nc7 31. h3 Rxe1
32. Kxe1 Ne8 33. c4 Nc7 34. g4 dxc4 35. bxc4 hxg4 36. hxg4 Kf7 37. Bxf5 a5 38.
Kd2 Na6 39. Kc3 a4 40. Kb2 Ke7 41. Ka3 Kd8 42. Kxa4 Kc7 43. Ka5 Kb8 44. g5 1-0

[Event "20e tournoi de Noël"]
[Site "Montigny le Bretonneux"]
[Date "2019.12.28"]
[Round "3.8"]
[White "Sondermeijer, Damien"]
[Black "Drouot, Frederic"]
[Result "0-1"]
[WhiteElo "1503"]
[BlackElo "1976"]
[Annotator "Rivier,Sylvain"]
[PlyCount "84"]
[EventDate "2019.??.??"]

{Défense Petroff} 1. e4 e5 2. Nf3 Nf6 3. Nxe5 d6 4. Nf3 Nxe4 5. Nc3 Nxc3 6.
dxc3 Be6 7. Be3 Be7 8. Bd3 Nc6 9. Qd2 h6 10. c4 Bf6 11. c3 Qd7 12. O-O O-O-O
13. b4 Kb8 14. a4 Ne5 15. Nxe5 dxe5 16. Rfd1 e4 17. Bxe4 Qxd2 18. Bxd2 Rxd2 19.
Rxd2 Bxc3 20. Rad1 Bxd2 21. Rxd2 Bxc4 22. h3 Re8 23. Rd4 Be6 24. Kh2 c6 25. Kg3
Kc7 26. f4 Rd8 27. Rxd8 Kxd8 28. f5 Bb3 29. a5 Kd7 30. Kf4 f6 31. g4 b6 32.
axb6 axb6 33. Bf3 c5 34. bxc5 bxc5 35. Ke3 Kd6 36. h4 Ke5 37. h5 c4 38. Kd2 Kd4
39. Bc6 c3+ 40. Ke2 Bc4+ 41. Kd1 Bd3 42. Be8 Ke3 0-1

[Event "20e tournoi de Noël"]
[Site "Montigny le Bretonneux"]
[Date "2019.12.28"]
[Round "3.9"]
[White "Longbien, Dominique"]
[Black "Delmas-Goyon, Francois"]
[Result "0-1"]
[WhiteElo "1413"]
[BlackElo "1916"]
[Annotator "Rivier,Sylvain"]
[PlyCount "52"]
[EventDate "2019.??.??"]

{Ouverture anglaise} 1. c4 e5 2. Nc3 d6 3. g3 g6 4. Bg2 Bg7 5. e3 c6 6. Nge2
Ne7 7. d4 exd4 8. exd4 O-O 9. O-O Nd7 10. Bg5 h6 11. Be3 Nf6 12. h3 d5 13. Qd2
Kh7 14. b3 dxc4 15. bxc4 Be6 16. Rab1 Qc8 17. d5 Rd8 18. Nf4 Bf5 19. Rb3 g5 20.
Nfe2 b5 21. Bc5 bxc4 22. Rb4 Nexd5 23. Nxd5 Nxd5 24. Bxd5 Rxd5 25. Qe3 Re5 26.
Qd2 Rxc5 0-1

[Event "20e tournoi de Noël"]
[Site "Montigny le Bretonneux"]
[Date "2019.12.28"]
[Round "3.10"]
[White "Artieres, Michel"]
[Black "Fruchard, Alois"]
[Result "0-1"]
[WhiteElo "1741"]
[BlackElo "1404"]
[Annotator "Rivier,Sylvain"]
[PlyCount "76"]
[EventDate "2019.??.??"]

{Défense Pirc} 1. e4 d6 2. d4 Nf6 3. Nc3 g6 4. Be2 Bg7 5. Be3 O-O 6. Qd2 Nbd7
7. g4 c5 8. g5 cxd4 9. Bxd4 Ne8 10. Bxg7 Nxg7 11. O-O-O Nc5 12. h4 a6 13. Bf3
Rb8 14. Nge2 b5 15. Nd5 Bb7 16. Ng3 a5 17. h5 b4 18. hxg6 fxg6 19. Bg4 a4 20.
Nxb4 Nxe4 21. Nxe4 Bxe4 22. f3 Ba8 23. Rh6 Qb6 24. c3 Bxf3 25. Bxf3 Rxf3 26.
Qd5+ Rf7 27. Rf1 e6 28. Qd1 Rxf1 29. Qxf1 Nh5 30. Qe2 Qg1+ 31. Kc2 Re8 32. Qd2
Rf8 33. Nd3 Rf5 34. Qe2 e5 35. Rxh5 gxh5 36. Qxh5 Qg2+ 37. Kb1 Rf1+ 38. Nc1
Qe4+ 0-1

[Event "20e tournoi de Noël"]
[Site "Montigny le Bretonneux"]
[Date "2019.12.28"]
[Round "3.11"]
[White "Sanchez-Narboni, Quentin"]
[Black "Appavou, Calixte"]
[Result "0-1"]
[WhiteElo "1352"]
[BlackElo "1734"]
[Annotator "Rivier,Sylvain"]
[PlyCount "134"]
[EventDate "2019.??.??"]

{Partie du pion dame} 1. d4 d5 2. Bf4 Nf6 3. e3 Bf5 4. Nd2 e6 5. Be2 h6 6. Ngf3
c5 7. c3 Qb6 8. Bxb8 Rxb8 9. Qa4+ Kd8 10. b3 Bd6 11. c4 a6 12. a3 Ke7 13. O-O
Rhc8 14. dxc5 Qxc5 15. b4 Qc7 16. c5 Be5 17. Nxe5 Qxe5 18. Nf3 Qc7 19. Nd4 Bg6
20. Rac1 e5 21. Nf3 Ra8 22. h3 Kf8 23. Rfd1 Bf5 24. Qb3 Be6 25. Qb2 e4 26. Ne5
Nd7 27. Nxd7+ Qxd7 28. Qe5 Rd8 29. Rd4 f6 30. Qf4 Qf7 31. Bd1 Qg6 32. Kh2 Qf7
33. Qg3 Rac8 34. Bb3 Rd7 35. a4 g5 36. b5 h5 37. Kh1 h4 38. Qh2 Qe7 39. c6 axb5
40. axb5 bxc6 41. bxc6 Rd6 42. Ba4 Bd7 43. Rd2 Be8 44. Rb2 Qe5 45. Qxe5 fxe5
46. Rc5 Ke7 47. Rb1 Kf6 48. Rb6 d4 49. exd4 exd4 50. Rb4 d3 51. Rcc4 Bxc6 52.
Bd1 Rcd8 53. Kh2 Bb5 54. Rc5 Rc6 55. Rxc6+ Bxc6 56. Rb6 Rd6 57. Ba4 d2 58. Bd1
Ke5 59. Kg1 Kd4 60. Kf1 Kc5 61. Rb2 Bb5+ 62. Kg1 Bc4 63. g3 hxg3 64. fxg3 e3
65. Rc2 Kd4 66. Rb2 Ra6 67. Rb1 e2 0-1